| 000 | 00636nam a2200181 4500 | ||
|---|---|---|---|
| 001 | 148655 | ||
| 003 | ES-MaACL | ||
| 005 | 20230906202741.0 | ||
| 007 | t| | ||
| 008 | 070214s1968 sp r ||||1| spa d | ||
| 100 | 1 |
_aStuedemann, Hans. _9108498 |
|
| 245 | 1 | 0 |
_aEnsayo de materiales y control de defectos en la industria del metal / _cpor Hans Stüdemann ; traducido por L. Calvo Zaluskowski ; supervisado por Manuel Rojo. |
| 260 |
_aBilbao : _bUrmo, _c[1968] ( _fGrijelmo) |
||
| 300 |
_a324 p. : _bil. ; _c22 cm. |
||
| 700 | 1 |
_aCalvo Zaluskowski, L. _933928 |
|
| 700 | 1 |
_aRojo, Manuel. _999097 |
|
| 852 |
_aES-MaACL _jC-35204 _bR.68119 |
||
| 999 |
_c148655 _d148655 |
||